01257nam a2200349Ic 450000100060000000300100000600500170001600700030003300800410003602000150007704000350009204100080012708200160013511000500015124501960020125000110039726400720040830000340048033600260051433700280054033800270056849000170059565000210061265000400063365000250067365100570069870000310075570000320078671000600081894200120087899900170089057718CO-BoRNBP20250729100134.0ta000101?uuuu unk 000 0 unk d a9589239102 aCO-BoRNBPbspaerdacCO-BoRNBP aspa a746.41 M87b aMuseo de Artes y Tradiciones Populares95735200aArtesanía, comunidad y desarrollo, memoria y futuro Casa del telar de arco, Guacamayas, Boyacá /cMuseo de Artes y Tradiciones Populares, Asociación Colombiana de Promoción Artesanal. a1a ed. 1aBogotá, Colombia :bMuseo de Artes y Tradiciones Populares,c1992 a46 páginas :bilustraciones atextbtxt2rdacontent aunmediatedbn2rdamedia avolumebnc2rdacarrier aArtesanías07aArtesanias2LEMB07aArtesaníasxhistoria2lemb96141907aTelares2lemb961420 0aBoyacá (Colombia)xvida social y costumbres961421 aQuiceno, Pedroeill961422 aRincón, Soniaeill961423 aAsociación Colombiana de Promoción Artesanal923591 cBK2ddc c57718d57718